000 00520nam a2200169 i 4500
001 125326
003 ES-MaACL
005 20230906192614.0
007 t|
008 070604s2005 fr ||||1| fre d
080 _a821.133.1-22"18"
100 1 _aDu Fresny, Charles.
_945707
245 1 3 _aLe dédit
_b: comédie en un acte et en vers, de Dufresny : représentée pour la premiere fois le 12 mai 1719.
260 _a[Francia] :
_b[s.n.],
_c18--
300 _a230-268 p. ;
_c20 cm.
852 _aES-MaACL
_j2231-F-20(2)
999 _c125326
_d125326